|
|
|
|
| LEADER |
01320nam a2200361 a 4500 |
| 001 |
EBC699423 |
| 003 |
MiAaPQ |
| 005 |
20200520144314.0 |
| 006 |
m o d | |
| 007 |
cr cn||||||||| |
| 008 |
110215s2010 nju sb 001 0 eng d |
| 020 |
|
|
|z 9780470825297
|
| 020 |
|
|
|a 9780470826805 (electronic bk.)
|
| 035 |
|
|
|a (MiAaPQ)EBC699423
|
| 035 |
|
|
|a (Au-PeEL)EBL699423
|
| 035 |
|
|
|a (CaPaEBR)ebr10444380
|
| 035 |
|
|
|a (CaONFJC)MIL302496
|
| 035 |
|
|
|a (OCoLC)704278464
|
| 040 |
|
|
|a MiAaPQ
|c MiAaPQ
|d MiAaPQ
|
| 043 |
|
|
|a a------
|
| 050 |
|
4 |
|a HC412
|b .C43 2010
|
| 100 |
1 |
|
|a Chaze, Aaron.
|
| 245 |
1 |
4 |
|a The Asia investor
|h [electronic resource] :
|b charting a course through Asia's emerging markets /
|c Aaron Chaze.
|
| 260 |
|
|
|a Hoboken, N.J. :
|b John Wiley & Sons,
|c 2010.
|
| 300 |
|
|
|a xi, 178 p.
|
| 504 |
|
|
|a Includes bibliographical references (p. 169-170) and index.
|
| 533 |
|
|
|a Electronic reproduction. Ann Arbor, MI : ProQuest, 2015. Available via World Wide Web. Access may be limited to ProQuest affiliated libraries.
|
| 650 |
|
0 |
|a Economics
|z Asia.
|
| 650 |
|
0 |
|a Stock exchanges
|z Asia.
|
| 650 |
|
0 |
|a International finance
|z Asia.
|
| 655 |
|
4 |
|a Electronic books.
|
| 710 |
2 |
|
|a ProQuest (Firm)
|
| 856 |
4 |
0 |
|u https://ebookcentral.proquest.com/lib/matrademy/detail.action?docID=699423
|z Click to View
|